Iconic Rom Com Quotes - Statistics

General Stats
  • This quiz has been taken 18 times
    17 since last reset
  • The average score is 10 of 20
Answer Stats
Hint Answer % Correct
Grease I'm {hopelessly} devoted to you
100%
Titanic I’ll never let go, {Jack}. I promise.
82%
Dirty Dancing Nobody puts {baby} in the corner
82%
The Princess Bride As you {wish}
71%
Bridget Jones' Diary I like you very {much}. Just as you are.
71%
Notting Hill I'm also just a girl, standing in front of a boy, asking him to {love} {her}
71%
You've Got Mail I wanted it to be you. I wanted it to be you so {badly}
71%
Love Actually Love, actually is {all} {around} us
71%
How to Lose a Guy in 10 Days You're already {falling} in love with me
59%
Brokeback Mountain I wish I knew how to {quit} you
47%
The Notebook I wrote you {365} letters.
41%
Casablanca We’ll always have {Paris}
41%
Love and Basketball "I’ll play you." "For what?" "Your {heart}".
35%
Silver Linings Playbook I love you. I knew it the {minute} I met you. I'm sorry it took so long for me to catch up."
29%
Pride and Prejudice You have {bewitched} me body and soul, and I love... I love... I love you."
29%
13 Going On 30 "Arrivederci" "{Au} {revoir}"
24%
10 Things I Hate About You But mostly I hate the way I don't hate you. Not even {close}, not even a little bit, not even at all.
24%
The Fault in Our Stars It would be a {privilege} to have my heart broken by you
24%
Eternal Sunshine of the Spotless Mind I can't see anything I {don't} {like} about you
18%
To All the Boys I've Loved Before It wasn’t love at first sight. It was more like… {gravity}.
6%
No matching quizzes found
Score Distribution
Percent of People with Each Score
Percentile by Number Answered
Your Score History
You have not taken this quiz since the last reset